000 00603nam a2200193Ia 4500
001 5708
003 GE_BSU
008 181216s||||||||xx |||||||||||||| ||und||
040 _cGE_BSU
080 _a517.987
245 _aБулева Алгебра и конечные автоматы
245 _cПод. ред. П.П. Пархоменко пер с французского Е.В. Бабичевой
260 _aМоска
260 _bМир
260 _c1969
300 _a292 с. 22 см.
653 _aБулева Алгебра и конечные автоматы
942 _cBK
999 _c39127
_d39127